Programové vybavenie PC-editory
Salvato in:
| Natura: | Libro |
|---|---|
| Lingua: | slovacco |
| Pubblicazione: |
Košice
Technická univerzita
1992
|
| Edizione: | 1. vyd. |
| Soggetti: | |
| Tags: |
Nessun Tag, puoi essere il primo ad aggiungerne!!
|
MARC
| LEADER | 00000nam a2200000 4500 | ||
|---|---|---|---|
| 001 | c001688 | ||
| 005 | 20221214090435.5 | ||
| 020 | |a 80-7099-115-1 | ||
| 041 | 0 | |a slo | |
| 044 | |a SK | ||
| 245 | 1 | 0 | |a Programové vybavenie PC-editory |
| 250 | |a 1. vyd. | ||
| 264 | 1 | |a Košice |b Technická univerzita |c 1992 | |
| 300 | |a 61 s. | ||
| 610 | 2 | 0 | |a softvér |
| 610 | 2 | 0 | |a zabezpečenie programové |
| 610 | 2 | 0 | |a technika výpočtová |
| 610 | 2 | 0 | |a editory |
| 610 | 2 | 0 | |a počítače osobné |